Using secondary data in educational and social research (Record no. 21292)
[ view plain ]
| 000 -LEADER | |
|---|---|
| fixed length control field | 01353nam a2200325Ia 4500 |
| 100 1# - MAIN ENTRY--AUTHOR NAME | |
| Personal name | Smith, Emma. |
| 245 10 - TITLE STATEMENT | |
| Title | Using secondary data in educational and social research |
| 260 ## - PUBLICATION, DISTRIBUTION, ETC. (IMPRINT) | |
| Place of publication | Maidenhead, England : |
| Name of publisher | Open University Press ; |
| Place of publication | New York : |
| Name of publisher | McGraw-Hill, |
| Year of publication | c2008, 2006. |
| 300 ## - PHYSICAL DESCRIPTION | |
| Number of Pages | x, 249 p. : |
| Other physical details | ill. |
| 490 1# - SERIES STATEMENT | |
| Series statement | Conducting educational research |
| 650 #0 - SUBJECT ADDED ENTRY--TOPICAL TERM | |
| Topical Term | Education |
| Topical Term | Social sciences |
| Topical Term | Research |
| 856 40 - ELECTRONIC LOCATION AND ACCESS | |
| Uniform Resource Identifier | http://site.ebrary.com/lib/rucke/Doc?id=10274052 |
No items available.
